| 000 | 00329nam a2200109Ia 4500 | ||
|---|---|---|---|
| 008 | 230907s9999||||xx |||||||||||||| ||und|| | ||
| 082 |
_a355 _bCHA |
||
| 245 | 4 | _aThe challenge of conventional and hybrid warfare in the asia-pacific region: | |
| 260 |
_aU.S. Government Office, _bWashington : _c2017 |
||
| 300 | _a89 p. | ||
| 942 | _cBK | ||
| 999 |
_c599376 _d599376 |
||